| 000 | 00979nam a2200253 a 4500 | ||
|---|---|---|---|
| 001 | 000009707 | ||
| 005 | 20240412074212.0 | ||
| 008 | 091001s1999 dr ac r 001 p spa d | ||
| 040 |
_aDO-SdBNP _bspa _cBNPHU |
||
| 082 |
_aRD861.44 _bC232c |
||
| 245 | 0 | 0 |
_aCantos de Cacibajagua : _bpoetas de fin de siglo en Santo Domingo. |
| 260 |
_aSanto Domingo : _bUniversitaria, _c1999. |
||
| 300 |
_a413 p. : _bil., retrs. ; _c21 cm. |
||
| 490 | 1 |
_aHistoria y sociedad ; _v88 |
|
| 490 | 1 |
_aPublicaciones de la Universidad Autónoma de Santa Domingo _v852 |
|
| 500 | _aIncluye índice de autores. | ||
| 590 | _aInventariado, 2018/BT | ||
| 650 | 4 |
_aPoesía dominicana _ySIGLO XX _xColecciones _924600 |
|
| 650 | 4 |
_aAutores dominicanos _ySIGLO XX _xBiografías _924601 |
|
| 650 | 0 |
_aLiteratura dominicana. _967 |
|
| 830 | 0 |
_aHistoria y sociedad _n88 _924602 |
|
| 830 | 0 |
_aPublicaciones de la Universidad Autónoma de Santa Domingo ; _v852 _924603 |
|
| 910 | _aValidado. Control de calidad. MMOLINA | ||
| 999 |
_c9467 _d9467 |
||